Photosynthesis (Record no. 30455)

MARC details
000 -LEADER
fixed length control field 00514nam a2200193Ia 4500
082 ## - DEWEY DECIMAL CLASSIFICATION NUMBER
Classification number 581.132
Item number TRI
100 ## - MAIN ENTRY--AUTHOR NAME
Personal name TRIBER, Michael A
245 #0 - TITLE STATEMENT
Title Photosynthesis
260 ## - PUBLICATION, DISTRIBUTION, ETC. (IMPRINT)
Place of publication Cambridge
Name of publisher Cambridge University
Year of publication 1975
490 ## - SERIES STATEMENT
Series statement Basic biology course unit.3; regulation within cells. 6
650 ## - SUBJECT ADDED ENTRY--TOPICAL TERM
Topical Term Autotrophy
650 ## - SUBJECT ADDED ENTRY--TOPICAL TERM
Topical Term Chlorophyll
650 ## - SUBJECT ADDED ENTRY--TOPICAL TERM
Topical Term Chloroplast
650 ## - SUBJECT ADDED ENTRY--TOPICAL TERM
Topical Term Heterotroph
650 ## - SUBJECT ADDED ENTRY--TOPICAL TERM
Topical Term Molecule
650 ## - SUBJECT ADDED ENTRY--TOPICAL TERM
Topical Term Photosynthesis
942 ## - ADDED ENTRY ELEMENTS (KOHA)
Koha item type Books
Holdings
Withdrawn status Lost status Damaged status Not for loan Home library Current library Date acquired Full call number Accession Number Koha item type
        RRII Library RRII Library 16/12/2021 581.132 TRI 11027 Books